Riziká bánk a ich meranie bakalárska práca

Guardado en:
Detalles Bibliográficos
Autor principal: Školková, Alexandra
Autor Corporativo: Národohospodárska fakulta EU. Katedra bankovníctva a medzinárodných financií
Otros Autores: Pilch, Ctibor, 1957-
Formato: Libro
Lenguaje:eslovaco
Publicado: Bratislava 2017
Etiquetas: Agregar Etiqueta
Sin Etiquetas, Sea el primero en etiquetar este registro!

MARC

LEADER 00000nbm a2200000 4500
001 0233747
005 20190405082931.6
041 0 |a slo 
044 |a SK 
245 1 0 |a Riziká bánk a ich meranie  |b bakalárska práca  |c Alexandra Školková ; školiteľ: Ctibor Pilch 
264 1 |a Bratislava  |c 2017 
300 |a 46 s. 
100 1 |a Školková, Alexandra 
700 1 |a Pilch, Ctibor, 1957- 
710 2 |a Národohospodárska fakulta EU. Katedra bankovníctva a medzinárodných financií